| 000 | 01492nam a2200421 c 4500 | ||
|---|---|---|---|
| 001 | 46340 | ||
| 003 | ES-MaCES | ||
| 005 | 20240131040003.0 | ||
| 008 | 150907s2015 sp 000 ||spa d | ||
| 017 |
_aNA 600-2015 _bDL |
||
| 020 | _a9788490983591 | ||
| 040 |
_aES-MaCES _bspa _cES-MaCES |
||
| 100 | 1 |
_935999 _aRodríguez Bravo de la Laguna, Juan José |
|
| 245 | 1 | 0 |
_aDimensiones jurídico-laborales del Derecho a la conciliación de la vida familiar y laboral _cJuan José Rodríguez Bravo de Laguna ; prólogo, Purificación Morgado Panader |
| 250 | _a1ª ed | ||
| 260 |
_aCizur Menor (Navarra) _bAranzadi-Thomson Reuters _c2015 |
||
| 300 |
_a292 p. _c23 cm |
||
| 490 | 1 | _aEstudios | |
| 504 | _aBibliografía: p. 273-292 | ||
| 541 | _cCompra | ||
| 650 | 4 |
_aconciliación _927303 |
|
| 650 | 4 |
_afamilia _927318 |
|
| 650 | 4 |
_aresponsabilidades familiares _930598 |
|
| 650 | 4 |
_atrabajo _928289 |
|
| 650 | 4 |
_acondiciones de trabajo _928327 |
|
| 650 | 4 |
_alegislación del trabajo _927166 |
|
| 650 | 4 |
_aprotección social _929076 |
|
| 650 | 4 |
_alegislación de seguridad social _929855 |
|
| 650 | 4 |
_asalud en el trabajo _928347 |
|
| 650 | 4 |
_atensión psicológica _928344 |
|
| 650 | 4 |
_aEspaña _926964 |
|
| 650 | 4 |
_arégimen jurídico _929894 |
|
| 653 | 1 | 0 | _aDerecho del trabajo y Seguridad Social |
| 700 | 1 |
_919157 _aMorgado Panadero, Purificación _ecol. |
|
| 830 | 0 |
_aEstudios (Thomson Reuters-Aranzadi) _934937 |
|
| 902 | _aLIB Libro | ||
| 942 |
_2CES _cBK _h6.0.1. |
||
| 999 |
_c46340 _d46340 |
||